000 00472nam a2200181Ia 4500
001 8736
005 20260306160631.0
008 260306t2015||||xx |||||||||||||| ||spa||
041 _aESP
082 _a371.3
_bT64A
100 _aTobón Tobón, Sergio
_eAUT
245 0 _aFormación integral y competencias:
_bpensamiento complejo, currículo, didáctica y evaluación
260 _c2015
300 _a
_c
650 _aGEN
654 _aCED
942 _cLIB
_dJUS
_fJUS
_2ddc
_n
999 _c8736
_d8736